Statystyki dla Drzewa w Polsce

Kliknij tutaj aby rozwiązać quiz!

Ogólne statystyki

  • Ten quiz został rozwiązany 1 736 razy
    (1 734 od ostatniego zresetowania)
  • Średni wynik to 16 z 29

Statystyki odpowiedzi

RodzajNazwa% Poprawnych
LiściasteDąb
97%
IglasteSosna
95%
IglasteŚwierk
92%
LiściasteBrzoza
87%
LiściasteBuk
84%
IglasteModrzew
80%
IglasteJodła
78%
LiściasteKlon
78%
LiściasteLipa
76%
LiściasteJabłoń
72%
LiściasteWierzba
66%
LiściasteGrusza
64%
LiściasteKasztanowiec
63%
LiściasteWiśnia
60%
LiściasteTopola
58%
IglasteCis
57%
LiściasteŚliwa
56%
LiściasteGrab
53%
LiściasteJesion
50%
LiściasteOlsza
44%
LiściasteOrzech
44%
LiściasteJarząb
26%
LiściasteWiąz
26%
IglasteJałowiec
25%
LiściasteMiłorząb
16%
LiściastePlatan
15%
IglasteDaglezja
13%
LiściasteMorwa
12%
LiściasteRobinia
12%

Rozkład punktacji

Percentyl według liczby udzielonych odpowiedzi

Procent ludzi z każdym wynikiem

Twoja historia wyników

Nie rozwiązałeś tego quizu od ostatniego zresetowania